<?xml version="1.0" encoding="UTF-8"?>
<marc:record xmlns:marc="http://www.loc.gov/MARC21/slim">
   <marc:leader>00000nam a2200000 a 4500</marc:leader>
   <marc:datafield ind1=" " ind2=" " tag="653">
      <marc:subfield code="a">Technik</marc:subfield>
   </marc:datafield>
   <marc:datafield ind1=" " ind2=" " tag="653">
      <marc:subfield code="a">MINT</marc:subfield>
   </marc:datafield>
   <marc:datafield ind1=" " ind2=" " tag="653">
      <marc:subfield code="a">tiptoi</marc:subfield>
   </marc:datafield>
   <marc:datafield ind1=" " ind2=" " tag="653">
      <marc:subfield code="a">Spiel</marc:subfield>
   </marc:datafield>
   <marc:datafield ind1="0" ind2="0" tag="245">
      <marc:subfield code="a">Die Welt der Technik</marc:subfield>
   </marc:datafield>
   <marc:datafield ind1="0" ind2="0" tag="245">
      <marc:subfield code="b">Wie funktioniert eigentlich...?</marc:subfield>
   </marc:datafield>
   <marc:datafield ind1=" " ind2="1" tag="264">
      <marc:subfield code="a">Ravensburg</marc:subfield>
      <marc:subfield code="b">Ravensburger Spieleverlag</marc:subfield>
      <marc:subfield code="c">2018</marc:subfield>
   </marc:datafield>
   <marc:datafield ind1="1" ind2=" " tag="490">
      <marc:subfield code="a">Tiptoi</marc:subfield>
   </marc:datafield>
   <marc:datafield ind1="1" ind2=" " tag="520">
      <marc:subfield code="a">Die Welt der Technik&#xD;
&#xD;
Wie wird ein Bagger gesteuert? Wie funktioniert eine Bohrmaschine? Und wozu braucht man eigentlich Strom? Der schlaue Roboter Tekky kennt sich bestens aus - er erklärt den Kindern, was sie schon immer über Technik wissen wollten.&#xD;
&#xD;
Viele detailgetreue Illustrationen geben einen Einblick in die Funktionsweise von Fahrrad, Computer und Co. Im Spiel gilt es Eigenschaften zuzuordnen und Zusammenhänge zu erkennen, etwa "Welche Geräte haben einen Motor?".&#xD;
Reihum tippen die Spieler auf ein Gerät und bekommen einen Punkt, wenn es die gesuchte Eigenschaft aufweist.</marc:subfield>
   </marc:datafield>
   <marc:datafield ind1="3" ind2=" " tag="024">
      <marc:subfield code="a">4005556008377</marc:subfield>
   </marc:datafield>
   <marc:datafield ind1=" " ind2=" " tag="041">
      <marc:subfield code="a">ger</marc:subfield>
   </marc:datafield>
   <marc:datafield ind1="1" ind2=" " tag="521">
      <marc:subfield code="a">4-7 Jahre</marc:subfield>
   </marc:datafield>
   <marc:datafield ind1=" " ind2=" " tag="338">
      <marc:subfield code="a">Gegenstand</marc:subfield>
   </marc:datafield>
   <marc:datafield ind1=" " ind2=" " tag="300">
      <marc:subfield code="a">1 Spielanleitung, 30 Geräteplättchen, 9 Thementafeln, 1 Steuerungstafel, 4 Spielerchips (Glühbirne)</marc:subfield>
   </marc:datafield>
</marc:record>
